Pokémon - Les attaques de Furaiglon - Statistiques

Statistiques générales
  • Ce quiz a été pris 13 fois
  • Le résultat moyen est 7 sur 14
Statistiques - réponses
Niveaux Types Noms des attaques % Correct
Niveau 30 Vol Aéropique
100%
Départ Vol Picpic
86%
Niveau 6 Ténèbres Aiguisage
57%
Niveau 12 Vol Cru-Ailes
57%
Départ Normal Groz'Yeux
57%
Niveau 55 Vol Lame d'Air
57%
Niveau 72 Vol Rapace
57%
Niveau 18 Vol Vent Arrière
57%
Niveau 60 Vol Anti-Brume
43%
Niveau 42 Normal Cyclone
29%
Niveau 24 Normal Grimace
29%
Niveau 36 Normal Tranche
29%
Niveau 48 Normal Éclate Griffe
14%
Niveau 66 Normal Mania
14%
Aucun quiz correspondant
Distribution des résultats
% des personnes avec chaque résultat
Percentile par nombre de réponses
Votre historique - résultats
Vous n’avez pas pris ce quiz